县级行政区接壤地图#1 馆陶县 Guantao Bordering Map - Statistics

General Stats
  • This quiz has been taken 9 times
  • The average score is 5 of 7
Answers on the Map
Answers color-coded by a green-red scale on the quiz's map according to % correct below.
 
Answer Stats
% Correct
大名县
100%
邱县
86%
曲周县
86%
冠县
71%
临清市
71%
广平县
57%
临西县
57%
No matching quizzes found
Score Distribution
Percent of People with Each Score
Percentile by Number Answered
Your Score History
You have not taken this quiz